Subdivisões de Países que falam Português - Statistics

Estatísticas Gerais
  • Esse quiz foi jogado 4 670 vezes
    3 692 desde o último reset
  • A pontuação média é 35 de 137
Respostas no mapa
Respostas codificadas por cores de uma escala verde-vermelha no mapa do quiz de acordo com a % correta abaixo.
 
Estatísticas das Respostas
País Subdivisão % Correto
Brasil Rio de Janeiro
88%
Brasil São Paulo
86%
Brasil Amazonas
83%
Brasil Distrito Federal
82%
Brasil Pará
81%
Brasil Minas Gerais
80%
Brasil Rio Grande do Sul
80%
Brasil Acre
79%
Brasil Bahia
79%
Brasil Mato Grosso
79%
Brasil Paraná
77%
Brasil Rio Grande do Norte
77%
Brasil | Cabo Verde Santa Catarina
77%
Portugal Lisboa
76%
Brasil Goiás
75%
Brasil Mato Grosso do Sul
75%
Brasil Amapá
74%
Brasil Espírito Santo
74%
Brasil Pernambuco
74%
Brasil Ceará
73%
Brasil Rondônia
73%
Brasil Roraima
73%
Brasil Maranhão
72%
Portugal Porto
72%
Brasil Sergipe
72%
Brasil Tocantins
72%
Brasil Alagoas
71%
Brasil Piauí
71%
Brasil Paraíba
69%
Angola Luanda
56%
Portugal Madeira
47%
Portugal Braga
45%
China Macau
44%
Portugal Açores
40%
Moçambique Cidade de {Maputo}
40%
Moçambique Maputo
40%
Portugal Coimbra
37%
Portugal Faro
34%
Cabo Verde Praia
32%
Portugal Setúbal
31%
Portugal Aveiro
30%
Portugal Bragança
29%
Portugal Évora
27%
Portugal Beja
26%
Guiné-Bissau Bissau
26%
Portugal Leiria
26%
Portugal Castelo Branco
25%
Portugal Santarém
25%
Portugal Viseu
25%
Portugal Portalegre
24%
Portugal Viana do Castelo
24%
Portugal Guarda
23%
Portugal Vila Real
23%
Timor-Leste Dili
21%
Angola Cabinda
18%
São Tomé e Príncipe Príncipe
18%
Angola Benguela
13%
Cabo Verde Sal
13%
Cabo Verde Boa Vista
9%
Angola Huambo
9%
Angola Namibe
9%
Angola Bié
8%
Moçambique Cabo Delgado
8%
Angola Cuanza Norte
8%
Angola Cuanza Sul
8%
Angola Lunda Norte
8%
Angola Lunda Sul
8%
Angola Moxico
8%
Moçambique Nampula
8%
Cabo Verde São Vicente
8%
Angola Zaire
8%
Angola Bengo
7%
Angola Cuando-Cubango
7%
Angola Cunene
7%
Moçambique Gaza
7%
Angola Huíla
7%
Angola Malanje
7%
Moçambique Niassa
7%
Moçambique Sofala
7%
Moçambique Tete
7%
Angola Uíge
7%
Moçambique Zambezia
7%
Moçambique Inhambane
6%
Moçambique Manica
6%
Guiné-Bissau Bafatá
5%
Timor-Leste Bobonaro
5%
Guiné-Bissau Bolama
5%
Cabo Verde Brava
5%
Guiné-Bissau Cacheu
5%
Guiné-Bissau Gabu
5%
Cabo Verde Maio
5%
Guiné-Bissau Oio
5%
Cabo Verde Porto Novo
5%
Cabo Verde Santa Cruz
5%
Cabo Verde São Miguel
5%
Cabo Verde Tarrafal
5%
Guiné Equatorial Ano-Bom
4%
Timor-Leste Atauro
4%
Timor-Leste Baucau
4%
Guiné-Bissau Biombo
4%
Guiné Equatorial Centro Sul
4%
Guiné Equatorial Djibloho
4%
Guiné Equatorial Litoral
4%
Cabo Verde Mosteiros
4%
Cabo Verde Paul
4%
Guiné-Bissau Quinara
4%
Cabo Verde Ribeira Brava
4%
Cabo Verde Ribeira Grande
4%
Cabo Verde Santa Catarina do Fogo
4%
Cabo Verde São Domingos
4%
Cabo Verde São Filipe
4%
Cabo Verde São Salvador do Mundo
4%
Guiné-Bissau Tombali
4%
São Tomé e Príncipe Água Grande
3%
Timor-Leste Aileu
3%
Timor-Leste Ainaro
3%
Guiné Equatorial Bioko Norte
3%
Guiné Equatorial Bioko Sul
3%
São Tomé e Príncipe Cantagalo
3%
São Tomé e Príncipe Caué
3%
Timor-Leste Cova Lima
3%
Timor-Leste Ermera
3%
Guiné Equatorial Kié-Ntem
3%
Timor-Leste Lautém
3%
São Tomé e Príncipe Lembá
3%
Timor-Leste Liquiçá
3%
São Tomé e Príncipe Lobata
3%
Timor-Leste Manatuto
3%
Timor-Leste Manufahi
3%
Timor-Leste Oecusse
3%
Cabo Verde Ribeira Grande de Santiago
3%
Cabo Verde São Lourenço dos Órgãos
3%
Cabo Verde Tarrafal de São Nicolau
3%
Timor-Leste Viqueque
3%
Guiné Equatorial Wele-Nzas
3%
São Tomé e Príncipe Mé-Zóchi
2%
Nenhum quiz correspondente encontrado
Distribuição das Pontuações
Porcentagem de Pessoas com Cada Pontuação
Percentil de Números Respondidos
Sua Pontuação Histórica
Você não jogou esse quiz desde o último reset